El problema de la escolaridad en Madrid (Record no. 69493)

MARC details
000 -LEADER
campo de control de longitud fija 01147nam a2200241 i 4500
001 - NÚMERO DE CONTROL
campo de control 69493
003 - IDENTIFICADOR DE NÚMERO DE CONTROL
campo de control ES-MaACL
005 - FECHA Y HORA DE LA ÚLTIMA TRANSACCIÓN
campo de control 20250408152841.0
008 - DATOS DE LONGITUD FIJA--INFORMACIÓN GENERAL
campo de control de longitud fija 040706q1935 sp |||| | spa d
100 1# - ENTRADA PRINCIPAL--NOMBRE DE PERSONA
Nombre de persona García Cortés, Mariano.
9 (RLIN) 54387
245 13 - MENCIÓN DEL TÍTULO
Título El problema de la escolaridad en Madrid
Resto del título : informe de la Económica Matritense /
Mención de responsabilidad, etc. Mariano García Cortés.
260 ## - PUBLICACIÓN, DISTRIBUCIÓN, ETC.
Lugar de publicación, distribución, etc. Madrid :
Nombre del editor, distribuidor, etc. Ed. de la Económica de Amigos del País,
Fecha de publicación, distribución, etc. ca. 1935] (
Fabricante Imp. Izaguirre)
300 ## - DESCRIPCIÓN FÍSICA
Extensión 32 p. ;
Dimensiones 20 cm.
530 ## - NOTA DISPONIBLE DE FORMULARIO FÍSICO ADICIONAL
Nota de formato físico adicional disponible Disponible en formato digital.
594 ## - Nota al título y mención de responsabilidad
Nota al título y mención de responsabilidad Con este mismo tít. el autor pronunció una conferencia en el Ateneo de Madrid, el 12 de enero de 1933 (Fuente: Ateneo, Dictadura, República / Antonio Ruiz Salvador, 1976)
610 24 - PUNTO DE ACCESO ADICIONAL DE MATERIA--NOMBRE DE ENTIDAD CORPORATIVA
Nombre de entidad corporativa o nombre de jurisdicción como elemento de entrada Ateneo de Madrid-
Subdivisión de forma Conferencias-
Subdivisión cronológica 1900-1939
9 (RLIN) 1907
650 #4 - PUNTO DE ACCESO ADICIONAL DE MATERIA--TÉRMINO DE MATERIA
Término de materia o nombre geográfico como elemento de entrada Enseñanza-
Subdivisión geográfica Madrid.
9 (RLIN) 170806
710 2# - ENTRADA AGREGADA--NOMBRE DE ENTIDAD CORPORATIVA
Nombre de entidad corporativa o nombre de jurisdicción como elemento de entrada Real Academia Económica Matritense de Amigos del País.
9 (RLIN) 6335
852 ## - LOCALIZACIÓN
Ubicación ES-MaACL
Número de control de estantería 1798-F-2
itemnumber 72085
Ubicación en estantería Depósito folletos
Nota libre Revisado enlace:08 de Abril de 2025
856 ## - LOCALIZACIÓN Y ACCESO ELECTRÓNICOS
Identificador Uniforme de Recursos <a href="http://www.memoriademadrid.es/buscador.php?accion=VerFicha&id=241115">http://www.memoriademadrid.es/buscador.php?accion=VerFicha&id=241115</a>
Texto de enlace Memoria de Madrid
942 ## - ELEMENTOS DE ENTRADA SECUNDARIOS (KOHA)
Fuente del sistema de clasificación o colocación Clasificación decimal universal
Holdings
Estatus retirado Estado de pérdida Estado de daño No para préstamo Colección Biblioteca de origen Biblioteca actual Ubicación en estantería Fecha de adquisición Fuente de adquisición Total de préstamos Signatura topográfica completa Código de barras Visto por última vez Precio de reemplazo Tipo de ítem Koha
        Colección de folletos Biblioteca del Ateneo de Madrid Biblioteca del Ateneo de Madrid Depósito folletos 17/01/2008     1798-F-2 1072771 23/02/2023 23/02/2023 Folleto